00631nam a22002057a 4500003000500000005001700005008004100022010001100063011001100074020002100085035001100106040000900117082001700126245010700143260005500250300003300305500003000338650002300368700003400391CHAP20220329143711.0110222s1973 us a r 00010 eng d a100561 a101533 a0442253869 (v.3) a112221 cCHAP04a581.192bP5600aPhytochemistry :binorganic elements and special groups of chemicalsc/ editado por Lawrence P. Miller aNew York :bVan Nostrand Reinhold Company,cc1973- av. :bilus., gráfs, tablas aLa biblioteca tiene : v.314aQuímica vegetal.1 aMiller, Lawrence Petere, ed.